Монголын нүүдэлчдийн тайлбар толь (Бичлэгийн дугаар. 622792)

MARC дэлгэрэнгүй
000 -Удирдлага
Ном зүйн бүртгэл тоо буюу кодлох утгыг агуулсан 01175nam a22002777a 4500
003 - ХЯНАЛТЫН ТОО ТОДОРХОЙЛОГЧ
Код MN-UlNLM
005 - ХАМГИЙН СҮҮЛИЙН ҮЕИЙН ХЭЛЦЛИЙН ОГНОО БА ЦАГ
Тухайн бичилтийг бичсэн засварласан сүүлийн огноо. 20240116190302.0
008 - ЕРӨНХИЙ МЭДЭЭЛЭЛ-ЭЛЕМЕНТҮҮДИЙН ӨГӨГДЛИЙН УРТ
fixed length control field 231103t2202 mp ||||| |||| 00| 0 mon d
020 ## - ОЛОН УЛСЫН СТАНДАРТ НОМЫН ДУГААР-ISBN
Олон Улсын Стандарт Номын Дугаар 978-978-99973-1-817-6
040 ## - ЭХ СУРВАЛЖИЙГ ТОДОРХОЙЛОН БИЧИХ
Анхны каталогийн байгууллага Монгол Улсын Үндэсний номын сан
Бичлэг хийж нэвтрүүлэх байгууллага MN-UlNLM
Өөрчлүүлэх байгууллага MN-UlNLM
Бичиглэлийн тодорхойлолт rda
084 ## - БУСАД АНГИЛЛЫН ДУГААР
Ангиллын нэр Номын сан номзүйн ангилал
Анги 63.5я2
Зохиогчийн 3-н тэмдэгт М 692
Шинжлэх ухааны мэдлэгийн салбар Түүх - 63
110 ## - ДЭЭД ГАРЧГИЙН МЭДЭЭ
Эрхлэн гаргасан байгууллагын нэр Мон судар хэвлэлийн газар
245 1# - ҮНДСЭН ГАРЧИГ
Гарчиг Монголын нүүдэлчдийн тайлбар толь
Гарчигт хамааралтай мэдээ Монгол гэр, хувцас, мал ахуй
Оролцогчдын тухай мэдээ Ерөн ред. Г.Сүлд-Эрдэнэ
260 1# - ГАРАЛТЫН ТУХАЙ МЭДЭЭ
Хэвлэгдсэн газар УБ
Хэвлэлийн газар Мон судар
Хэвлэгдсэн он 2020
300 ## - ТООНЫ МЭДЭЭ
Хуудасны тоо 580х
Дагалдах материал Зур
336 ## - АГУУЛГЫН ТӨРӨЛ
Нөөц rdacontent
Агуулгын төрлийн нөхцөл text
Агуулгын төрлийн код txt
337 ## - MEDIA TYPE
Эх сурвалж rdacontent
Файлын төрөл unmediated
Файлын код n
338 ## - CARRIER TYPE
Source rdacarrier
Carrier type term volume
Carrier type code nc
440 ## - БОТИЙН ТУХАЙ МЭДЭЭ
Ботийн нэр Нүүдэлчин
Ботийн дугаар Б. 1
546 ## - ХЭЛНИЙ ТУХАЙ МЭДЭЭ
Хэл
653 ## - ТҮЛХҮҮР ҮГС
Түлхүүр үг Түүх
-- Монгол улсын түүх
-- Угсаатны судлал
-- Угсаатны зүй
700 ## - ХАМ ЗОХИОГЧИД
Хам зохиогчид Г.Гантогтох
-- Д.Баттогтох
-- С.Бямбадорж
-- Х.Батцэцэг
-- Б.Дунгаамаа
-- Н.Эрдэнэцогт
856 ## - ЭЛЕКТРОН БАЙРЛАЛ БА ХОЛБООС
Төрөл Хэвлэмэл ном
942 ## - ЭЛЕМЕНТИЙН ТӨРӨЛ
Төрөл Ном
Захиалгууд
Буцаан татагдсан төлөв Хасагдсан шалтгаан Гэмтсэн төлөв Данс заагч Захиалах боломжгүй Үндсэн номын сан Одоогийн байршил Салбар танхим Сан хөмрөг 5 Бүртгэсэн огноо Бүрдүүлэлтийн эх үүсвэр Тавиурын заалт Баркод Үнэ Хамгийн сүүлд байсан огноо Нийт уншлаганд гарсан тоо Фактур мөрийн дугаар Төрөл Хамгийн сүүлд уншлаганд гарсан огноо
          МУҮндэсний Номын сан МУҮНомын сан салбар МУҮНС салбар | Гэр бүлийн танхим 2 давхар МУҮНС салбар | Гэр бүлийн танхим 2 давхар 2023-11-23 Худалдан авсан 98044 000020098044 45000.00 2023-11-03   230803.00 Ном  
        Албан хэрэгцээнд МУҮндэсний Номын сан МУҮндэсний Номын сан МУҮНС төв | Архив фонд төв байр МУҮНС төв | Архив фонд төв байр 2023-11-23 Худалдан авсан 43330 003110043330 45000.00 2023-11-03   230803.00 Ном  
          МУҮНомын сан салбар МУҮндэсний Номын сан МУҮНС салбар | Хүмүүн танхим 6 давхар МУҮНС салбар | Хүмүүн танхим 6 давхар 2023-11-23 Худалдан авсан 98043 000020098043 45000.00 2024-10-28 6 230803.00 Ном 2024-10-28
          МУҮндэсний Номын сан МУҮндэсний Номын сан МУҮНС төв | Ойр фонд МУҮНС төв | Ойр фонд 2023-11-23 Худалдан авсан 98045 000020098045 45000.00 2023-11-03   230803.00 Ном